Economic & Monetary Union

Gespeichert in:
Bibliographische Detailangaben
Format: Buch
Sprache:Englisch
Veröffentlicht: Bratislava Economic University Bratislava 1996
Schlagworte:
Tags: Tag hinzufügen
Keine Tags, Fügen Sie das erste Tag hinzu!

MARC

LEADER 00000nam$a2200000$$$4500
001 0034974
005 20240104091538.3
041 0 |a eng 
044 |a SK 
245 1 0 |a Economic & Monetary Union 
264 1 |a Bratislava  |b Economic University Bratislava  |c 1996 
300 |a 297 s. 
610 2 0 |a únie hospodárske 
610 2 0 |a únie menové 
610 2 0 |a trh 
610 2 0 |a reformy 
610 2 0 |a demokratizácia 
610 2 0 |a integrácia ekonomická medzinárodná 
610 2 0 |a integrácia menová 
610 2 0 |a mena 
610 2 0 |a kurz devízový 
610 2 0 |a SVE 
610 2 0 |a Európska únia